Football Stadiums Picture Quiz - Statistics

General Stats
  • This quiz has been taken 120 times
  • The average score is 6 of 12
Answer Stats
Picture Answer % Correct
Barcelona
86%
Borussia Dortmund
86%
Real Madrid
61%
Arsenal
60%
Liverpool
58%
Tottenham Hotspur
52%
Leicester City
46%
Nottingham Forest
45%
Roma
44%
Manchester City
42%
Atlanta United
25%
Juventus
7%
No matching quizzes found
Score Distribution
Percent of People with Each Score
Percentile by Number Answered
Your Score History
You have not taken this quiz